Análisis de movilidad entre las fincas de la Sede Rodrigo Facio para mejorar la seguridad vial de peatones y ciclistas
Spremljeno u:
| Glavni autor: | |
|---|---|
| Format: | Knjiga |
| Jezik: | Spanish |
| Izdano: |
[San José], Costa Rica
2015
|
| Teme: | |
| Oznake: |
Dodaj oznaku
Bez oznaka, Budi prvi tko označuje ovaj zapis!
|
MARC
| LEADER | 00000nam a22000007a 4500 | ||
|---|---|---|---|
| 003 | 012284 | ||
| 005 | 20221231143934.0 | ||
| 008 | 151112b2015 c ab||| |||| 00| 0 spa d | ||
| 040 | |c cru CEDI | ||
| 090 | |a TFG 7448 | ||
| 100 | |9 2301 |a Stradi Córdoba, José Alberto | ||
| 245 | |a Análisis de movilidad entre las fincas de la Sede Rodrigo Facio para mejorar la seguridad vial de peatones y ciclistas | ||
| 260 | |a [San José], Costa Rica |c 2015 | ||
| 500 | |a Proyecto de graduación (licenciatura en ingeniería civil)--Universidad de Costa Rica. Facultad de Ingeniería. Escuela de Ingeniería Civil | ||
| 650 | |x DISEÑO DE PASEOS PEATONALES - NORMAS |x ZONAS PEATONALES - DISEÑO Y CONSTRUCCION - NORMAS |x BICICLETAS |x SEGURIDAD VIAL |x CICLISTAS |9 2302 | ||
| 942 | |c TFG | ||
| 999 | |c 14508 |d 14508 | ||
